| 000 | 01048nam a22002177a 4500 | ||
|---|---|---|---|
| 003 | OSt | ||
| 005 | 20260311053920.0 | ||
| 008 | 260311b |||||||| |||| 00| 0 eng d | ||
| 020 | _a0448089106 | ||
| 040 |
_aDWCL GS lib _cOC |
||
| 082 | _aFic. D621w 2008 | ||
| 100 | _aDixon Franklin W. | ||
| 245 |
_aWhat Happened At Midnight _cFranklin W. Dixon |
||
| 260 |
_aCanada _bFranklin W. Dixon _c1931 |
||
| 300 |
_aExtent- vii, 173 pages; _billustrations ; _c20cm |
||
| 520 | _aJoe Hardy is kidnapped from a party at Chet Morton’s house at the stroke of midnight. | ||
| 650 | _ais a mystery novel where Frank and Joe Hardy are tasked by their father to retrieve a secret invention from a neighbor's house. | ||
| 650 | _areferring to the philosophical, literary, and biblical themes of life-altering moments, regrets, and sudden, irreversible changes—center on the importance of living in the present, taking responsibility for one's choices, and finding value in the life one currently has. | ||
| 700 | _aFranklin W. Dixon | ||
| 942 |
_2ddc _cFIC. _n0 |
||
| 999 |
_c8934 _d8934 |
||